Botany for degree students : (Record no. 3045)

MARC details
000 -LEADER
fixed length control field 00653nam a22002417a 4500
001 - CONTROL NUMBER
control field BD-DhSAU 3045
003 - CONTROL NUMBER IDENTIFIER
control field BD-DhSAU
005 - DATE AND TIME OF LATEST TRANSACTION
control field 20150203150245.0
008 - FIXED-LENGTH DATA ELEMENTS--GENERAL INFORMATION
fixed length control field 150203s1987 ii a||||r|||| 001 0 eng d
020 ## - INTERNATIONAL STANDARD BOOK NUMBER
International Standard Book Number 8121901715
040 ## - CATALOGING SOURCE
Original cataloging agency BD-DhSAU
082 ## - DEWEY DECIMAL CLASSIFICATION NUMBER
Edition number 22
Classification number 581
Item number VAB
100 ## - MAIN ENTRY--PERSONAL NAME
Personal name Vashishta, B. R.
245 ## - TITLE STATEMENT
Title Botany for degree students :
Remainder of title part 2 fungi /
Statement of responsibility, etc. B R Vashishta
250 ## - EDITION STATEMENT
Edition statement 8th ed.
260 ## - PUBLICATION, DISTRIBUTION, ETC. (IMPRINT)
Place of publication, distribution, etc. Delhi :
Name of publisher, distributor, etc. S. Chand & Com. LTD. ,
Date of publication, distribution, etc. c1987.
300 ## - PHYSICAL DESCRIPTION
Extent xi, 544 p. :
Other physical details ill. ;
Dimensions 22 cm.
440 ## - SERIES STATEMENT/ADDED ENTRY--TITLE
Number of part/section of a work part. 2
504 ## - BIBLIOGRAPHY, ETC. NOTE
Bibliography, etc Includes bibliographical references and index.
590 ## - Name of Cataloguer
Name of Cataloger Jerin
650 ## - SUBJECT ADDED ENTRY--TOPICAL TERM
Topical term or geographic name as entry element Botany.
650 ## - SUBJECT ADDED ENTRY--TOPICAL TERM
Topical term or geographic name as entry element fungi
942 ## - ADDED ENTRY ELEMENTS (KOHA)
Source of classification or shelving scheme Dewey Decimal Classification
Koha item type Book
Holdings
Withdrawn status Lost status Source of classification or shelving scheme Damaged status Not for loan Home library Branch Name Shelving location Date acquired Total Checkouts Full call number Barcode Date last seen Price effective from Koha item type Collection code
    Dewey Decimal Classification     SAU Library SAU Library General Stacks 29/06/1988   581 VAB 11222 03/02/2015 03/02/2015 Book  
    Dewey Decimal Classification     SAU Library SAU Library General Stacks 29/06/1988   581 VAB 11221 03/02/2015 03/02/2015 Book  
    Dewey Decimal Classification     SAU Library SAU Library General Stacks 29/06/1988   581 VAB 11223 03/02/2015 03/02/2015 Book  
    Dewey Decimal Classification   Not For Loan SAU Library SAU Library Reference 29/06/1988   581 VAB 11219 19/04/2015 19/04/2015 Book Reference